00349nam a2200109Ia 450000100070000000500170000700800410002424500480006526000190011399900190013295200880015164278520250826153533.0250824s9999 xx 000 0 und d 0a4 Skandiya’yı KurtarmakcJohn Flanagan bBEYAZ BALİNA c642785d642785 00104070a1004b1004d2025-08-24l0p1004457r2025-08-26 15:35:33w2025-08-26yBK